Basic electrical engineering (Record no. 7166)

000 -LEADER
fixed length control field 00658nam a2200217 4500
001 - CONTROL NUMBER
control field 7166
003 - CONTROL NUMBER IDENTIFIER
control field BD-DhUET
008 - FIXED-LENGTH DATA ELEMENTS--GENERAL INFORMATION
fixed length control field 740521s1975 nyua 001 0 eng
020 ## - INTERNATIONAL STANDARD BOOK NUMBER
International Standard Book Number 0070211523
040 ## - CATALOGING SOURCE
Original cataloging agency DLC
Transcribing agency DLC
Modifying agency BD-DhUET
082 00 - DEWEY DECIMAL CLASSIFICATION NUMBER
Classification number 623
Item number FIT/1975
100 1# - MAIN ENTRY--PERSONAL NAME
Personal name Fitzgerald, A. E.
245 10 - TITLE STATEMENT
Title Basic electrical engineering
Remainder of title circuits,electronics,machines,control
Statement of responsibility, etc. by A. E. Fitzgerald, David E. Higginbotham and Arvin Grabel
250 ## - EDITION STATEMENT
Edition statement 4th ed.
260 ## - PUBLICATION, DISTRIBUTION, ETC. (IMPRINT)
Place of publication, distribution, etc. New York
Name of publisher, distributor, etc. McGraw-Hill
Date of publication, distribution, etc. 1975
300 ## - PHYSICAL DESCRIPTION
Extent xiv, 817 p.
Other physical details illus.
Dimensions 24 cm.
650 #0 - SUBJECT ADDED ENTRY--TOPICAL TERM
Topical term or geographic name as entry element Electricity : Engineering
700 ## - ADDED ENTRY--PERSONAL NAME
Personal name Higginbotham, David E.
700 ## - ADDED ENTRY--PERSONAL NAME
Personal name Grabel, Arvin
942 ## - ADDED ENTRY ELEMENTS (KOHA)
Koha item type General Book
Holdings
Withdrawn status Damaged status Koha item type Piece designation (barcode) Shelving location Koha issues (times borrowed) Koha date last borrowed Koha date last seen Not for loan Sublocation or collection (holding branch) Lost status Date acquired Koha normalized classification for sorting Price effective from Koha full call number Source of classification or shelving scheme Copy number Location (home branch)
  General Book65364Circulation section12018-07-212018-08-04 Central Library, BUET 2014-12-07623PIT19752014-12-07623/PIT/1975 1Central Library, BUET
  General Book43309Circulation section  2015-03-12 Central Library, BUET 2015-03-12623_000000000000000_PIT_19752015-03-12623/PIT/1975 2Central Library, BUET
  General Book43314Circulation section  2015-03-12 Central Library, BUET 2015-03-12623_000000000000000_PIT_19752015-03-12623/PIT/1975 3Central Library, BUET
  General Book43676Circulation section  2015-03-12 Central Library, BUET 2015-03-12623_000000000000000_PIT_19752015-03-12623/PIT/1975 4Central Library, BUET
  General Book42843Circulation section  2015-03-12 Central Library, BUET 2015-03-12623_000000000000000_PIT_19752015-03-12623/PIT/1975 5Central Library, BUET
  General Book43308Circulation section  2015-04-16 Central Library, BUET 2015-04-16623_000000000000000_FIT_19752015-04-16623/FIT/1975 6Central Library, BUET
  General Book43316Circulation section  2015-04-18 Central Library, BUET 2015-04-18623_000000000000000_FIT_19752015-04-18623/FIT/1975 7Central Library, BUET
  General Book43310Circulation section  2015-04-21 Central Library, BUET 2015-04-21623_000000000000000_FIT_19752015-04-21623/FIT/1975 8Central Library, BUET
  General Book43677Circulation section  2015-04-21 Central Library, BUET 2015-04-21623_000000000000000_FIT_19752015-04-21623/FIT/1975 9Central Library, BUET
  General Book43313Circulation section  2015-04-21 Central Library, BUET 2015-04-21623_000000000000000_FIT_19752015-04-21623/FIT/1975 10Central Library, BUET
  General Book43307Circulation section  2015-04-21 Central Library, BUET 2015-04-21623_000000000000000_FIT_19752015-04-21623/FIT/1975 11Central Library, BUET
  General Book51101Circulation section  2015-04-21 Central Library, BUET 2015-04-21623_000000000000000_FIT_19752015-04-21623/FIT/1975 12Central Library, BUET
  Reading Item42841Reading section  2015-06-28 Central Library, BUET 2015-06-28623_000000000000000_FIT_19752015-06-28623/FIT/1975 13Central Library, BUET
  Reading Item42840Reading section  2015-06-28 Central Library, BUET 2015-06-28623_000000000000000_FIT_19752015-06-28623/FIT/1975 14Central Library, BUET
  Reading Item43679Reading section  2015-06-28 Central Library, BUET 2015-06-28623_000000000000000_FIT_19752015-06-28623/FIT/1975 15Central Library, BUET